| 000 | 01335cam a22002651i 4500 | ||
|---|---|---|---|
| 003 | SA-RiAUC | ||
| 005 | 20250722072405.0 | ||
| 008 | 250722s2003 su g f100 0 ara c | ||
| 040 |
_aSA-JeALM _bara _cSA-RiAUC _erda |
||
| 043 | _aa-su--- | ||
| 082 | 0 | 4 |
_a081 _qSA-RiAUC |
| 090 |
_a081 _b م هـ ر |
||
| 111 | 2 |
_aالمهرجان الوطني للتراث والثقافة _n(18 : _d1423 هجري : _cالرياض) |
|
| 245 | 1 | 2 |
_aالندوات والمحاضرات والأمسيات الشعرية / _cإعداد الإدارة العامة للمهرجان الوطني للتراث والثقافة ؛ الإشراف العام عبد الرحمن سبيت السبيت. |
| 264 | 1 |
_aالرياض : _bالمهرجان الوطني للتراث والثقافة، _c2003 |
|
| 300 |
_aمجلد ؛ _c24 سم. |
||
| 336 |
_aنص _btxt _2rdacontent _3كتاب |
||
| 337 |
_aبدون وسيط _bn _2rdamedia |
||
| 338 |
_aمجلد _bnc _2rdacarrier |
||
| 490 | 0 |
_aإصدارات المهرجان الوطني للتراث والثقافة ؛ _v172 |
|
| 650 | 7 |
_aالمقالات العربية _zالسعودية _yقرن 14 هجري _vمؤتمرات _2aucsh |
|
| 700 | 1 |
_aالسبيت، عبد الرحمن سبيت عبد الله، _d1361 هجري- _eمشرف. |
|
| 942 |
_2ddc _cBOOK _n0 |
||
| 949 |
_aSA-JeALM _d250722 _umohamedma123 _n1 |
||
| 999 |
_c10187 _d10187 |
||